000 00400nam a2200169Ia 4500
001 2149
008 140314s9999 xx 000 0 und d
020 _a9698028005
040 _cPK-LaUMT
082 _a 954.03
_bAZI-B
100 _aK. K. Aziz
245 _aBritain and Muslim India
_cK. K. Aziz
260 _aLahore,Pakistan:
_bIdeal Books,
_c1987
300 _a278 p.
546 _aEN
942 _cBK
999 _c2459
_d2459